000 01128nam a22003257a 4500
003 CHAP
005 20220329135514.0
008 971013s1981 r 00010 d
010 _a37702
011 _a38674
035 _a42794
040 _cCHAP
090 _aFolleto 11564
100 0 0 _aQuevedo B., Miguel.
_993252
245 _aEsquejes de tallo adulto
_b: una técnica de multiplicación rápida de papa
260 _aLima :
_bCentro Internacional de la Papa,
_c1981
300 _a11 p.
_b: ilus.
490 _aSerie I. Técnicas de multiplicación rápida. Guía
_v; I/4
590 _aBATCH-UPD
_b10
_c20130110
_lUCH01
_h0155
590 _aBATCH-UPD
_b10
_c20130110
_lUCH01
_h2220
590 _aBATCH-UPD
_b10
_c20130409
_lUCH01
_h2157
590 _aBATCH-UPD
_b10
_c20130410
_lUCH01
_h1519
590 _aBATCH-UPD
_b10
_c20130914
_lUCH01
_h1858
590 _aCONVERSION
_b10
_c20130109
_lUCH01
_h1321
650 1 4 _aPapa
_xPropagación.
_985279
830 0 _aSerie I. Técnicas de multiplicación rápida. Guía
_v; I/4
_9104899
901 _aBK
942 _cFOLL
949 _aFolleto 11564
_bBC
_cFOLL
_d-98415
_eTS1
_i42794
_mD
_si
999 _c37702
_d37702